000 00647nam a2200229Ia 4500
003 OSt
005 20220926015016.0
006 a|||||r|||| 00| 0
007 ta
008 220923b |||||||| |||| 00| 0 eng d
037 _cGeneral Book
040 _aRTL
_cRTL
_beng
041 _2eng
_aeng
082 _aX9.2.N73r, L3/GD
110 _aNATIONAL BUREAU OF ECONOMIC RESEARCH
_9317506
245 0 _a53rd annual report 1973.
260 _aNew York
_bNBER
_c1973
300 _a163.
_ccm.
700 _aNATIONAL BUREAU OF ECONOMIC RESEARCH
_9317507
942 _hX9.2.N73r, L3/GD
_cGB
_2CC
999 _c630364
_d630364